Фортран : (Record no. 70591)
[ view plain ]
| 000 -LEADER | |
|---|---|
| fixed length control field | 01079nam a22002537a 4500 |
| 001 - CONTROL NUMBER | |
| control field | 000203686 |
| 003 - CONTROL NUMBER IDENTIFIER | |
| control field | AM-YeHGA |
| 005 - DATE AND TIME OF LATEST TRANSACTION | |
| control field | 20250617124016.0 |
| 008 - FIXED-LENGTH DATA ELEMENTS--GENERAL INFORMATION | |
| fixed length control field | 000322s1976 un ||||| |||| 00| 0 rus d |
| 040 ## - CATALOGING SOURCE | |
| Original cataloging agency | AM-YeHGA |
| 041 0# - LANGUAGE CODE | |
| Language code of text/sound track or separate title | rus |
| 090 ## - LOCALLY ASSIGNED LC-TYPE CALL NUMBER (OCLC); LOCAL CALL NUMBER (RLIN) | |
| -- | 71789 |
| 245 00 - TITLE STATEMENT | |
| Title | Фортран : |
| Remainder of title | Программированое учебное пособие : Учебное пособие / |
| Statement of responsibility, etc. | Е.Л. Ющенко, И.А. Переход, О.П. Небрат, А.А. Ющенко ; Под ред. Е.Л. Ющенко. |
| 260 ## - PUBLICATION, DISTRIBUTION, ETC. | |
| Place of publication, distribution, etc. | Киев : |
| Name of publisher, distributor, etc. | Вища школа, |
| Date of publication, distribution, etc. | 1976. |
| 300 ## - PHYSICAL DESCRIPTION | |
| Extent | 328 с. : |
| Other physical details | 28 табл., 36 ил. |
| 504 ## - BIBLIOGRAPHY, ETC. NOTE | |
| Bibliography, etc. note | Библиогр. 16 назв. |
| 650 14 - SUBJECT ADDED ENTRY--TOPICAL TERM | |
| Topical term or geographic name entry element | Вычислительные системы - Программирование |
| 650 14 - SUBJECT ADDED ENTRY--TOPICAL TERM | |
| Topical term or geographic name entry element | Фортран |
| 700 1# - ADDED ENTRY--PERSONAL NAME | |
| Personal name | Небрат, Ольга Павловна |
| 700 1# - ADDED ENTRY--PERSONAL NAME | |
| Personal name | Переход, Игорь Александрович |
| 700 1# - ADDED ENTRY--PERSONAL NAME | |
| Personal name | Ющенко, Алексей Андронович |
| 700 1# - ADDED ENTRY--PERSONAL NAME | |
| Personal name | Ющенко, Алексей Андронович |
| Relator term | ред. |
| Relationship | edt |
| 942 ## - ADDED ENTRY ELEMENTS (KOHA) | |
| Source of classification or shelving scheme | Universal Decimal Classification |
| Koha item type | Գրքեր / Books |
| Withdrawn status | Lost status | Damaged status | Not for loan | Collection | Home library | Current library | Date acquired | Total checkouts | Full call number | Barcode | Date last seen | Price effective from | Koha item type | Public note |
|---|---|---|---|---|---|---|---|---|---|---|---|---|---|---|
| General | Fundamental Scientific Library | Fundamental Scientific Library | 22/12/2016 | РII/388829 | FL0378560 | 22/12/2016 | 22/12/2016 | Գրքեր / Books | 30 Days Loan |
ՀՀ Գիտությունների ազգային ակադեմիայի հիմնարար գիտական գրադարան = Fundamental Scientific Library of NAS RA
All site content, except where otherwise noted, is licensed under a